Geopolitical shifts and strategic partnerships multilateralism in the indo-pacific (Record no. 1678506)

MARC details
000 -LEADER
fixed length control field 00889 a2200277 4500
005 - DATE AND TIME OF LATEST TRANSACTION
control field 20260407115334.0
008 - FIXED-LENGTH DATA ELEMENTS--GENERAL INFORMATION
fixed length control field 260407b |||||||| |||| 00| 0 eng d
020 ## - INTERNATIONAL STANDARD BOOK NUMBER
International Standard Book Number 978-81-993502-8-1
037 ## - SOURCE OF ACQUISITION
Terms of availability TB
040 ## - CATALOGING SOURCE
Original cataloging agency CRL
Transcribing agency CRL
041 ## - LANGUAGE CODE
Source of code eng
Language code of text/sound track or separate title eng
084 ## - COLON CLASSIFICATION NUMBER
Classification number V2-97:19.P3 R6
Assigning agency CRL
100 ## - MAIN ENTRY--PERSONAL NAME
Personal name Golani, Anil
9 (RLIN) 1113191
245 ## - TITLE STATEMENT
Title Geopolitical shifts and strategic partnerships multilateralism in the indo-pacific
260 ## - PUBLICATION, DISTRIBUTION, ETC.
Place of publication, distribution, etc. New Delhi, India:
Name of publisher, distributor, etc. KW Publishers,
Date of publication, distribution, etc. 2026.
300 ## - PHYSICAL DESCRIPTION
Extent 243p.
365 ## - TRADE PRICE
Price amount 1280
Currency code INR
490 ## - SERIES STATEMENT
Series statement Asian Defence Review 2025
650 ## - SUBJECT ADDED ENTRY--TOPICAL TERM
Topical term or geographic name entry element India-History
650 ## - SUBJECT ADDED ENTRY--TOPICAL TERM
Topical term or geographic name entry element India-Foreign Relations
650 ## - SUBJECT ADDED ENTRY--TOPICAL TERM
Topical term or geographic name entry element History
700 ## - ADDED ENTRY--PERSONAL NAME
Personal name Golani, Anil
Relator term Editor,
9 (RLIN) 1113191
700 ## - ADDED ENTRY--PERSONAL NAME
Personal name Alam, Javed
Relator term Editor,
9 (RLIN) 1234213
942 ## - ADDED ENTRY ELEMENTS (KOHA)
Koha item type Textbook
Source of classification or shelving scheme Colon Classification (CC)
Classification part V2-97:19.P3 R6
Holdings
Withdrawn status Lost status Source of classification or shelving scheme Damaged status Not for loan Home library Current library Date acquired Source of acquisition Cost, normal purchase price Inventory number Total Checkouts Full call number Barcode Date last seen Cost, replacement price Price effective from Koha item type
    Colon Classification (CC)     Central Library Central Library 2026-04-07 The Book Kart 1024.00 BKB 314 & 16/02/2026   V2-97:19.P3 R6 CL1926389 2026-02-18 1280.00 2026-02-18 Textbook
Copyright @ Delhi University Library System